000
00323nam a22001457a 4500
003
SGT
020
_a
978-81-7035-441-3
082
_a
615.32
_b
E14C
100
_a
CHAUDHARI,A.B
245
_a
ENDANGERED MEDICINAL PLANTS
260
_a
NEW DELHI
_b
DAYA PUB
_c
2014
300
_a
311
650
_a
AYURVEDA
942
_2
ddc
_c
BK
_0
2
999
_c
14670
_d
14670